Marketingové aspekty globalizácie z pohľadu európskej integrácie

Uložené v:
Podrobná bibliografia
Hlavný autor: Lieskovská, Vanda, 1961-
Médium: Kapitola
Jazyk:Slovak
Tagy: Pridať tag
Žiadne tagy, Buďte prvý, kto otaguje tento záznam!

MARC

LEADER 00000naa$a2200000$$$4500
001 0098194
005 20240502083244.1
041 0 |a slo 
044 |a CZ 
245 1 0 |a Marketingové aspekty globalizácie z pohľadu európskej integrácie  |c Vanda Lieskovská 
100 1 |a Lieskovská, Vanda, 1961-